000 00324nam a2200145Ia 4500
100 _aSay/M.G
490 _vIII
942 _cBK
245 _aPerfomance & Design Of Alternating Current Machines
260 _bEnglish Language
_aLondon
_c1970
082 _a621.3
_bSAY
300 _a664
546 _aENGLISH
999 _c24057
_d24057